000 01274nam a2200325 c 4500
003 BLK
005 20240604005404.0
008 180410b bul|||||r ||||||| ||bul||
010 _aKNG00170225000
040 _aBLK
041 _aBUL
_cBUL
080 _aБългарска литература
_b821.163.2
_x(081)
_z821.163.2(081)
080 _aБългарска литература
_b821.163.2
_x-32
_z821.163.2-32
100 _aЕлин Пелин
_qСтоянов, Димитър Иванов
_9363511
700 1 _aСтоянов, Димитър Иванов
_e*
_9365019
139 _aЕлин Пелин
_bЕ 53
245 1 0 _aСъчинения
_bВ 2 т.
_cЕлин Пелин; * Димитър Иванов Стоянов.
_nТ. 2
_pПовести, разкази
257 _aBGR
260 София
_bБълг. писател
_c1981
300 _c21 см
380 _aX
500 _aЕлин Пелин псевд. на Димитър Иванов Стоянов.
760 1 _aЕлин Пелин
_d1981
_h224 с.
_tТ. 2 Повести, разкази
852 _aЦб 106946
856 4 _qpdf
_u
856 4 _qpdf
_u
942 _cKNG
_n0
_03
944 _aCR
_c26.01.2015
_k
_lCRON CRON
944 _aED
_c26.01.2015
_kМилена_Ачева
999 _c162844
_d162844